000 00234nam a2200097Ia 4500
001 795276
005 20250826170724.0
008 250824s9999 xx 000 0 und d
245 0 _aBİR KIZIMIZ OLACAKTI
_cM&T
260 _bPANAMA YAYINLARI
999 _c795276
_d795276